000 00298nam a22001337a 4500
008 171019b xxu||||| |||| 00| 0 eng d
020 _a9781556235276
041 _aeng
080 _a338
100 _a53
101 _aMEN
245 _aCOMMON SENSE MANUFACTURING
_cGARDNER,J,A
942 _2udc
_cBK
999 _c35001
_d35001